Department making little progress over land supply figures (Record no. 16808)
[ view plain ]
| 000 -LEADER | |
|---|---|
| fixed length control field | 00733cab a2200205 4500 |
| 001 - CONTROL NUMBER | |
| control field | ABS40619 |
| 008 - FIXED-LENGTH DATA ELEMENTS--GENERAL INFORMATION | |
| fixed length control field | 090401t1989 xxu||||| |||| 00| 0 eng d |
| 035 ## - SYSTEM CONTROL NUMBER | |
| System control number | (Sirsi) u25059 |
| 041 ## - LANGUAGE CODE | |
| Language code of text/sound track or separate title | eng |
| 100 ## - MAIN ENTRY--PERSONAL NAME | |
| Personal name | Bate, R. |
| 245 ## - TITLE STATEMENT | |
| Title | Department making little progress over land supply figures |
| 260 ## - PUBLICATION, DISTRIBUTION, ETC. | |
| Date of publication, distribution, etc. | 1989 |
| 350 ## - PRICE (NR) (BK AM CF MU VM SE) [OBSOLETE] | |
| Price | 0 |
| 490 ## - SERIES STATEMENT | |
| Series statement | Planning (for the Natural and Built Environment) |
| Volume/sequential designation | (814) 14 April 1989, 12-13(2) |
| 520 ## - SUMMARY, ETC. | |
| Summary, etc. | Review of the second housebuilding land progress report from the DoE claiming that it focuses on issues out of the main stream of debate and inadequately assesses the implementation of Government policy. Map. |
| 690 ## - LOCAL SUBJECT ADDED ENTRY--TOPICAL TERM (OCLC, RLIN) | |
| Topical term or geographic name as entry element | LAND |
| 700 ## - ADDED ENTRY--PERSONAL NAME | |
| Personal name | Burton, T. |
| 942 ## - ADDED ENTRY ELEMENTS (KOHA) | |
| Suppress in OPAC | 0 |
| 948 ## - LOCAL PROCESSING INFORMATION (OCLC); SERIES PART DESIGNATOR (RLIN) | |
| c (OCLC) | 04/03/1997 |
| Withdrawn status | Lost status | Source of classification or shelving scheme | Damaged status | Not for loan | Home library | Current library | Shelving location | Date acquired | Total Checkouts | Full call number | Barcode | Date last seen | Copy number | Price effective from | Koha item type |
|---|---|---|---|---|---|---|---|---|---|---|---|---|---|---|---|
| Dewey Decimal Classification | London | London | Journal article | 14/09/1999 | ABS40619 | 25059-1001 | 06/08/2019 | 1 | 06/08/2019 | Journal article |